PRACTICE OF PATENT MEDICINE (Record no. 216622)

MARC details
000 -LEADER
fixed length control field 00541nam a22001937a 4500
008 - FIXED-LENGTH DATA ELEMENTS--GENERAL INFORMATION
fixed length control field 260224b |||||||| |||| 00| 0 eng d
020 ## - INTERNATIONAL STANDARD BOOK NUMBER
International Standard Book Number 978-93-5090-981-3
050 ## - LIBRARY OF CONGRESS CALL NUMBER
Classification number RS 125 N57 2014
Item number 1
100 ## - MAIN ENTRY--PERSONAL NAME
Personal name NIRBHAY,GP
245 ## - TITLE STATEMENT
Title PRACTICE OF PATENT MEDICINE
250 ## - EDITION STATEMENT
Edition statement FIFTH EDITION
260 ## - PUBLICATION, DISTRIBUTION, ETC.
Place of publication, distribution, etc. INDIA
Name of publisher, distributor, etc. JAYPEE BROTHERS MEDICAL PUBLISHERS [P] Ltd
Date of publication, distribution, etc. 2014
300 ## - PHYSICAL DESCRIPTION
Extent ABORTION ,BIBLIOGRAPHY
500 ## - GENERAL NOTE
General note XV ,465P
650 ## - SUBJECT ADDED ENTRY
Topical term or geographic name entry element PRACTICE OF PARENT MEDICINE
700 ## - ADDED ENTRY--PERSONAL NAME
Personal name NIRBHAY.GP
942 ## - ADDED ENTRY ELEMENTS (KOHA)
Source of classification or shelving scheme Library of Congress Classification
Koha item type Long Loan Book
Holdings
Withdrawn status Lost status Source of classification or shelving scheme Damaged status Not for loan Collection Home library Current library Shelving location Date acquired Inventory number Total checkouts Full call number Barcode Date last seen Copy number Price effective from Koha item type
    Library of Congress Classification     Medicine Kisii University Library Kisii University Library On Display 02/24/2026 111528   RS 125 .N57 2014 a000216 02/24/2026 C.1 02/24/2026 Long Loan Book
    Library of Congress Classification     Medicine Kisii University Library Kisii University Library On Display 02/24/2026 111529   RS 125 .N57 2014 a000217 02/24/2026 C.2 02/24/2026 Long Loan Book
    Library of Congress Classification     Medicine Kisii University Library Kisii University Library On Display 02/24/2026 111530   RS 125 .N57 2014 a000215 02/24/2026 C.3 02/24/2026 Long Loan Book